The Ropes to Skip and the Ropes to Know : Studies in Organizational Behavior

Αποθηκεύτηκε σε:
Λεπτομέρειες βιβλιογραφικής εγγραφής
Κύριος συγγραφέας: Ritti, R. Richard
Μορφή: Βιβλίο
Γλώσσα:English
Δημοσίευση: New York, Chichester : Wiley, 1994
Έκδοση:4th ed.
Θέματα:
Ετικέτες: Προσθήκη ετικέτας
Δεν υπάρχουν, Καταχωρήστε ετικέτα πρώτοι!

MARC

LEADER 00000nam a2200000 i 4500
001 1/40312
008 960201s1994 eng d
020 |a 0-471-58593-9 
035 |l 10025205 
040 |a GR-MY-UA  |b gre  |e aacr 
041 0 |a eng 
082 0 |a 650.1 
100 1 |a Ritti, R. Richard. 
245 1 4 |a The Ropes to Skip and the Ropes to Know :  |b Studies in Organizational Behavior /  |c R. Richard Ritti 
250 |a 4th ed. 
260 |a New York, Chichester :   |b Wiley,   |c 1994 
300 |a 302 p. 
500 |a Includes bibliographical references 
650 0 0 |a Organizational behavior. 
852 |a INST  |b CHIOS  |e 19960201  |h 650.1 RIT  |p 005200003958  |q 005200003958  |t BK  |y 0 
909 |a Χ  |b 037455